[Event "Heusenstamm Sparkassen op-B 7th"]
[Site "Heusenstamm"]
[Date "2021.11.21"]
[Round "7.10"]
[White "Vihan, Shourya"]
[Black "Bengsch, Norbert"]
[Result "1/2-1/2"]
[WhiteElo "1278"]
[BlackElo "1716"]
[PlyCount "66"]
[EventDate "2021.11.18"]
[EventType "swiss"]
[EventRounds "7"]
[EventCountry "GER"]
[SourceTitle "EXT 2023"]
[Source "ChessBase"]
[SourceDate "2022.10.05"]
[SourceVersion "1"]
[SourceVersionDate "2022.10.05"]
[SourceQuality "1"]

1. d4 Nf6 2. c4 e5 3. dxe5 Ng4 4. Bf4 Bb4+ 5. Nd2 Nc6 6. Ngf3 Qe7 7. a3 Ngxe5 8. Nxe5 Nxe5 9. e3 Bxd2+ 10. Qxd2 d6 11. Be2 0-0 12. 0-0 Be6 13. Rac1 Rfd8 14. Rfd1 a5 15. b4 axb4 16. axb4 Ng6 17. Bg3 d5 18. c5 c6 19. Qd4 Qf6 20. Qxf6 gxf6 21. Ra1 Bf5 22. Bc7 Re8 23. Ra5 Rxa5 24. bxa5 Ne5 25. a6 bxa6 26. Bxa6 Ra8 27. Bb7 Ra7 28. Bxe5 Rxb7 29. Bxf6 Rb1 30. Rxb1 Bxb1 31. g3 h5 32. Kg2 Kh7 33. Kf3 Kg6 1/2-1/2

[Event "Heusenstamm Sparkassen op-B 5th"]
[Site "Heusenstamm"]
[Date "2018.11.24"]
[Round "5"]
[White "Bengsch, Norbert"]
[Black "Hofmann, Werner2222"]
[Result "1/2-1/2"]
[WhiteElo "1763"]
[BlackElo "1685"]
[PlyCount "56"]
[EventDate "2018.11.22"]
[EventType "swiss"]
[EventRounds "7"]
[EventCountry "GER"]
[SourceTitle "CBM 187 Extra"]
[Source "ChessBase"]
[SourceDate "2018.11.04"]
[SourceVersion "1"]
[SourceVersionDate "2018.11.04"]
[SourceQuality "1"]

1. b3 d5 2. Bb2 Bf5 3. e3 e6 4. Nf3 Nf6 5. d4 Nbd7 6. Bd3 Bxd3 7. Qxd3 Ne4 8. 0-0 Bd6 9. c4 c6 10. Nbd2 f5 11. Ne5 Nxd2 12. Qxd2 Qh4 13. g3 Qf6 14. f4 Qe7 15. Nxd7 Qxd7 16. Rfc1 Qf7 17. a4 Be7 18. Ba3 Bxa3 19. Rxa3 Qe7 20. c5 g5 21. b4 a6 22. Rca1 h5 23. Kg2 h4 24. Rh1 hxg3 25. hxg3 Kd7 26. Raa1 Qg7 27. Rxh8 Rxh8 28. Rh1 Rxh1 1/2-1/2

[Event "Heusenstamm Sparkassen op-B 5th"]
[Site "Heusenstamm"]
[Date "2018.11.23"]
[Round "3"]
[White "Bengsch, Norbert"]
[Black "Koenig, Frank1111"]
[Result "1/2-1/2"]
[WhiteElo "1763"]
[BlackElo "1719"]
[PlyCount "33"]
[EventDate "2018.11.22"]
[EventType "swiss"]
[EventRounds "7"]
[EventCountry "GER"]
[SourceTitle "CBM 187 Extra"]
[Source "ChessBase"]
[SourceDate "2018.11.04"]
[SourceVersion "1"]
[SourceVersionDate "2018.11.04"]
[SourceQuality "1"]

1. b3 e5 2. Bb2 d6 3. e3 Nf6 4. c4 Nbd7 5. d4 c6 6. Nf3 Qc7 7. Nc3 Be7 8. Bd3 d5 9. cxd5 cxd5 10. dxe5 Nxe5 11. Nxe5 Qxe5 12. Qd2 0-0 13. Ne4 Nxe4 14. Bxe5 Nxd2 15. Kxd2 Bd7 16. Rac1 f6 17. Bd4 1/2-1/2